3 Biggest Cities by Letter-No India, China or USA - Statistics

General Stats
  • This quiz has been taken 55 times
  • The average score is 60 of 71
Answer Stats
Answer % Correct
Bangkok
100%
Buenos Aires
100%
Cape Town
100%
Dubai
100%
Alexandria
98%
Cairo
98%
Frankfurt
98%
Jakarta
98%
Johannesburg
98%
London
98%
Mexico City
98%
Moscow
98%
Paris
98%
Seoul
98%
Tehran
98%
Tokyo
98%
Vienna
98%
Guatemala City
96%
Hamburg
96%
Istanbul
96%
Kuala Lumpur
96%
Manila
96%
Osaka
96%
Santiago
96%
Taipei
96%
Zurich
96%
Bogotá
94%
Lagos
94%
Nairobi
94%
Naples
94%
Rio de Janeiro
94%
Riyadh
94%
Ulaanbaatar
94%
Vancouver
94%
Warsaw
94%
Dhaka
93%
Ho Chi Minh City
93%
Kinshasa
93%
Quito
93%
Dar es Salaam
91%
Guadalajara
91%
Jeddah
91%
Karachi
91%
São Paulo
91%
Accra
89%
Edmonton
89%
Harare
87%
Lahore
87%
Yaoundé
85%
Abidjan
83%
Yangon
83%
Nagoya
81%
Ouagadougou
80%
Chittagong
76%
Fortaleza
74%
Guayaquil
74%
Faisalabad
70%
Porto Alegre
70%
Yekaterinburg
70%
Isfahan
65%
Puebla
65%
Erbil
61%
Qom
59%
Ibadan
57%
Valencia
57%
Rawalpindi
52%
Ufa
52%
Okayama
37%
Querétaro
35%
Ulsan
35%
Zaria
19%
No matching quizzes found
Score Distribution
Percent of People with Each Score
Percentile by Number Answered
Your Score History
You have not taken this quiz